Organizacija ekonomičeskoj raboty v proizvodstvennom ob'jedinenii mašinostrojenija

Salvato in:
Dettagli Bibliografici
Autore principale: Novikov, Viktor Viktorovič
Natura: Libro
Lingua:russo
Pubblicazione: Moskva Mašinostrojenije 1989
Edizione:1. izd.
Tags: Aggiungi Tag
Nessun Tag, puoi essere il primo ad aggiungerne!!

MARC

LEADER 00000nam a2200000 4500
001 c036364
005 20221215135704.0
041 0 |a rus 
044 |a RU 
245 1 0 |a Organizacija ekonomičeskoj raboty v proizvodstvennom ob'jedinenii mašinostrojenija  |c Viktor Viktorovič Novikov 
250 |a 1. izd. 
264 1 |a Moskva  |b Mašinostrojenije  |c 1989 
300 |a 142 s. 
100 1 |a Novikov, Viktor Viktorovič